Európske fórum logistiky
V Prahe sa v dňoch 22.10. až 24. 10. 2003 konalo 7. európske fórum logistiky a dopravy. Organizátorom konferencie aj veľtrhu bola česká firma Atoz Event a francúzska firma Reed Exhibitions. Stručná informácia o obsahovom zameraní konferencie.
Salvato in:
| Autore principale: | |
|---|---|
| Natura: | Capitolo di libro |
| Lingua: | slovacco |
| Soggetti: | |
| Tags: |
Nessun Tag, puoi essere il primo ad aggiungerne!!
|
MARC
| LEADER | 00000naa$a2200000$$$4500 | ||
|---|---|---|---|
| 001 | 0060358 | ||
| 005 | 20240502071651.8 | ||
| 041 | 0 | |a slo | |
| 044 | |a SK | ||
| 245 | 1 | 0 | |a Európske fórum logistiky |c Mária Dzurová |
| 520 | |a V Prahe sa v dňoch 22.10. až 24. 10. 2003 konalo 7. európske fórum logistiky a dopravy. Organizátorom konferencie aj veľtrhu bola česká firma Atoz Event a francúzska firma Reed Exhibitions. Stručná informácia o obsahovom zameraní konferencie. | ||
| 610 | 2 | 0 | |a konferencie |
| 610 | 2 | 0 | |a firmy |
| 610 | 2 | 0 | |a Česko |
| 610 | 2 | 0 | |a doprava |
| 610 | 2 | 0 | |a logistika |
| 610 | 2 | 0 | |a marketing |
| 100 | 1 | |a Dzurová, Mária | |